01472naa a2200205 a 450000100080000000500110000800800410001910000170006024501210007726000090019852008250020765300260103265300230105865300150108170000210109670000190111770000260113670000220116277300820118410697002010-05-11 2009 bl uuuu u00u1 u #d1 aLOPES, S. E. aAvalia????o t??cnica e econ??mica de um "skidder" operando em diferentes produtividades e dist??ncias de extra????o. c2009 aEste trabalho foi conduzido em povoamentos de eucalipto de uma empresa florestal do Estado de Goias, com o objetivo de avaliar t??cnica e economicamente o trabalho de um "skidder". A an??lise t??cnica consistiu do estudo de tempos e movimentos, al??m da produtividade, da disponibilidade mec??nica e da efici??ncia operacional da m??quina. A an??lise econ??mica consistiu na determina????o dos custos operacionais. Utilizou-se um delineamento estat??stico em blocos inteiramente casualizados em esquema fatorial 6x3x3, (seis opera????es, tr??s produtividades e tr??s dist??ncias de arraste), com quatro repeti????es. Os valores foram submetidos ?? analise de vari??ncia e teste Tukey a 5% de signific??ncia. O melhor rendimento energ??tico foi para a dist??ncia de 300 m e uma produtividade da floresta de 100 m?? ha-??. aComposi????o de custo aM??quina florestal aRendimento1 aFERNANDES, H. C.1 aMINETTE, L. J.1 aSILVEIRA, J. C. M. da1 aRINALDI, P. C. N. tCi??ncia e Agrotecnologia, Lavrasgv. 33, n. 6, p. 1621-1626, nov./dez. 2009.